|
|
|
|
| LEADER |
00000nam2a2200000 4500 |
| 001 |
131482 |
| 005 |
20231031134505.0 |
| 010 |
|
|
|a 9785922107563
|
| 035 |
|
|
|a (RuTPU)RU\TPU\book\142406
|
| 090 |
|
|
|a 131482
|
| 100 |
|
|
|a 20080219d2007 m y0rusy50 ca
|
| 101 |
0 |
|
|a rus
|
| 102 |
|
|
|a RU
|
| 105 |
|
|
|a a j 001zy
|
| 200 |
0 |
|
|a Ч. 2
|
| 210 |
|
|
|d 2007
|
| 215 |
|
|
|a 384 с.
|c ил.
|
| 320 |
|
|
|a Список литературы: с. 382.
|
| 330 |
|
|
|a Настоящее пособие написано на основе многолетнего опыта чтения лекций и проведения практических занятий по высшей математике в Московском государственном открытом университете на различных факультетах. Оно является продолжением одноименного учебного пособия и содержит указания по решению задач основного курса, начиная с неопределенного интеграла и кончая дифференциальными уравнениями, а также задач по теории вероятностей и математической статистике. Наряду с большим числом решенных задач, приводятся упражнения для самостоятельного решения; в каждой из восьми глаз даны контрольные задания. Пособие рассчитано на студентов очной, заочной и вечерней форм обучения факультетов, где математика не является профилирующей дисциплиной. Допущено Министерством образования и науки Российской Федерации в качестве учебного пособия для студентов высших учебных заведений, обучающихся по направлениям подготовки и специальностям в области техники и технологии.
|
| 461 |
|
1 |
|0 (RuTPU)RU\TPU\book\101586
|t Высшая математика. Руководство к решению задач
|o учебное пособие
|f К. Н. Лунгу, Е. В. Макаров
|v Ч. 2
|d 2005-2007
|
| 610 |
1 |
|
|a высшая математика
|
| 610 |
1 |
|
|a учебные пособия
|
| 610 |
1 |
|
|a задачи
|
| 610 |
1 |
|
|a руководства
|
| 610 |
1 |
|
|a неопределенные интегралы
|
| 610 |
1 |
|
|a определенные интегралы
|
| 610 |
1 |
|
|a кратные интегралы
|
| 610 |
1 |
|
|a криволинейные интегралы
|
| 610 |
1 |
|
|a поверхностные интегралы
|
| 610 |
1 |
|
|a дифференциальные уравнения
|
| 610 |
1 |
|
|a ряды
|
| 610 |
1 |
|
|a теория вероятностей
|
| 610 |
1 |
|
|a математическая статистика
|
| 610 |
1 |
|
|a случайные события
|
| 610 |
1 |
|
|a вероятность
|
| 610 |
1 |
|
|a случайные величины
|
| 610 |
1 |
|
|a решения
|
| 675 |
|
|
|a 51(076)
|v 3
|
| 801 |
|
1 |
|a RU
|b 63413507
|c 20080219
|g PSBO
|
| 801 |
|
2 |
|a RU
|b 63413507
|c 20201201
|g PSBO
|
| 900 |
|
|
|a Высшая математика
|
| 942 |
|
|
|c BK
|
| 952 |
|
|
|a 550000
|
| 959 |
|
|
|a 18/20080219
|d 2
|e 220,00
|f АНЛ:1
|f ЧЗТЛ:1
|
| 959 |
|
|
|a 13/20100310
|d 3
|e 220,00
|f УФ:3
|